<?xml version="1.0" encoding="UTF-8"?>
<collection xmlns="http://www.loc.gov/MARC21/slim">
 <record>
  <leader>00716pamaa2200205   4500</leader>
  <controlfield tag="001">0000052284</controlfield>
  <controlfield tag="005">20140227090000.0</controlfield>
  <controlfield tag="008">140228s2012                                  </controlfield>
  <datafield tag="020" ind1="0" ind2="0">
   <subfield code="a">9787894563095 (CD-ROM) </subfield>
  </datafield>
  <datafield tag="090" ind1="0" ind2="0">
   <subfield code="a">RC394 </subfield>
   <subfield code="b">HU 2012</subfield>
  </datafield>
  <datafield tag="245" ind1="1" ind2="0">
   <subfield code="a">Occupations Therapy [</subfield>
   <subfield code="m">CD-ROM] = </subfield>
   <subfield code="l">Zuo Ye Zhi Liao Xue  </subfield>
   <subfield code="c">Hu Jun.</subfield>
  </datafield>
  <datafield tag="250" ind1="0" ind2="0">
   <subfield code="a">1st ed.</subfield>
  </datafield>
  <datafield tag="260" ind1="0" ind2="0">
   <subfield code="a">Beijing: </subfield>
   <subfield code="b">People's Medical Publishing House (PMPH), </subfield>
   <subfield code="c">2012.</subfield>
  </datafield>
  <datafield tag="300" ind1=" " ind2=" ">
   <subfield code="a">1 CD-ROM; </subfield>
   <subfield code="c">4.5 inch.</subfield>
  </datafield>
  <datafield tag="500" ind1="0" ind2="0">
   <subfield code="a">In Chinese</subfield>
  </datafield>
  <datafield tag="500" ind1="0" ind2="0">
   <subfield code="a">To accompany textbook titled &quot;Occupations Therapy = Zuo Ye Zhi Liao Xue / Hu Jun&quot;</subfield>
  </datafield>
  <datafield tag="501" ind1="0" ind2="0">
   <subfield code="a">CTCM</subfield>
  </datafield>
  <datafield tag="650" ind1="0" ind2="0">
   <subfield code="a">Medicine, Chinese Traditional </subfield>
  </datafield>
  <datafield tag="650" ind1="0" ind2="0">
   <subfield code="a">Occupational Therapy -- </subfield>
   <subfield code="x">methods </subfield>
  </datafield>
  <datafield tag="901" ind1=" " ind2=" ">
   <subfield code="u">http://http://www.pmph.com</subfield>
  </datafield>
 </record>
</collection>
